Unlock : listening, speaking & critical : Level 2,. Student's book / (Record no. 780)

MARC details
000 -LEADER
fixed length control field 01015nam a22002777a 4500
005 - DATE AND TIME OF LATEST TRANSACTION
control field 20250420134824.0
008 - FIXED-LENGTH DATA ELEMENTS--GENERAL INFORMATION
fixed length control field 211118b ||||| |||| 00| 0 eng d
020 ## - INTERNATIONAL STANDARD BOOK NUMBER
International Standard Book Number 9781108567299
040 ## - CATALOGING SOURCE
Transcribing agency KCST
082 ## - DEWEY DECIMAL CLASSIFICATION NUMBER
Classification number 428.34
Item number Di Un
100 ## - MAIN ENTRY--PERSONAL NAME
Personal name Dimond-Bayir, Stephanie
9 (RLIN) 5136
245 ## - TITLE STATEMENT
Title Unlock : listening, speaking & critical : Level 2,. Student's book /
Statement of responsibility, etc. Stephanie Dimond-Bayir; Kimberley Russell; Chris Sowton; Jennifer Farmer; Carolyn Flores
250 ## - EDITION STATEMENT
Edition statement 2
260 ## - PUBLICATION, DISTRIBUTION, ETC.
Place of publication, distribution, etc. Cambridge :
Name of publisher, distributor, etc. Cambridge University Press,
Date of publication, distribution, etc. 2019.
300 ## - PHYSICAL DESCRIPTION
Extent 223 p.
521 ## - TARGET AUDIENCE NOTE
Target audience note A2 English Profile.
650 ## - SUBJECT ADDED ENTRY--TOPICAL TERM
Topical term or geographic name entry element English language
Form subdivision Textbooks for foreign speakers.
9 (RLIN) 4734
650 ## - SUBJECT ADDED ENTRY--TOPICAL TERM
Topical term or geographic name entry element English language
Form subdivision Spoken English
-- Textbooks for foreign speakers.
9 (RLIN) 5600
650 ## - SUBJECT ADDED ENTRY--TOPICAL TERM
Topical term or geographic name entry element English language
Form subdivision Sound recordings for foreign speakers.
9 (RLIN) 5139
700 ## - ADDED ENTRY--PERSONAL NAME
Personal name Russell, Kimberley
9 (RLIN) 5601
700 ## - ADDED ENTRY--PERSONAL NAME
Personal name Sowton, Chris
9 (RLIN) 5143
700 ## - ADDED ENTRY--PERSONAL NAME
Personal name Farmer, Jennifer
9 (RLIN) 5602
700 ## - ADDED ENTRY--PERSONAL NAME
Personal name Flores, Carolyn
9 (RLIN) 5603
942 ## - ADDED ENTRY ELEMENTS (KOHA)
Koha item type Book
942 ## - ADDED ENTRY ELEMENTS (KOHA)
Source of classification or shelving scheme Dewey Decimal Classification
Holdings
Withdrawn status Lost status Source of classification or shelving scheme Damaged status Not for loan Home library Current library Date acquired Source of acquisition Cost, normal purchase price Total checkouts Full call number Barcode Date last seen Cost, replacement price Price effective from Koha item type Date last checked out
    Dewey Decimal Classification     KCST Library KCST Library 18/11/2021 Procured 11.50   428.34 Di Un 1000000974 18/11/2021 11.50 18/11/2021 Course Textbook  
    Dewey Decimal Classification     KCST Library KCST Library 06/02/2023 Free copy from publisher - That AlSalasil 0.00   428.34 Di Un 1000001079 06/02/2023   06/02/2023 Course Textbook  
    Dewey Decimal Classification     KCST Library KCST Library 06/02/2023 Free copy from publisher - That AlSalasil 0.00 1 428.34 Di Un 1000001080 18/06/2023   06/02/2023 Course Textbook 14/02/2023
© 2025 KCST. All rights reserved